Urdu mein tareekh nigari ki ibtadai (Record no. 1465614)

MARC details
000 -LEADER
fixed length control field 00687 a2200217 4500
005 - DATE AND TIME OF LATEST TRANSACTION
control field 20260428120232.0
008 - FIXED-LENGTH DATA ELEMENTS--GENERAL INFORMATION
fixed length control field 260428b |||||||| |||| 00| 0 eng d
037 ## - SOURCE OF ACQUISITION
Terms of availability TB
040 ## - CATALOGING SOURCE
Original cataloging agency CRL
Transcribing agency CRL
041 ## - LANGUAGE CODE
Source of code URD
Language code of text/sound track or separate title URD
084 ## - COLON CLASSIFICATION NUMBER
Classification number V:(P168) P8
Assigning agency CRL
100 ## - MAIN ENTRY--PERSONAL NAME
Personal name Siddiqui, Iqtedar Hussain
9 (RLIN) 853283
245 ## - TITLE STATEMENT
Title Urdu mein tareekh nigari ki ibtadai
260 ## - PUBLICATION, DISTRIBUTION, ETC.
Place of publication, distribution, etc. Rampur, India:
Name of publisher, distributor, etc. Rampur Raza Library,
Date of publication, distribution, etc. 2008.
300 ## - PHYSICAL DESCRIPTION
Extent 303p.
365 ## - TRADE PRICE
Price amount 350.00
Currency code INR
650 ## - SUBJECT ADDED ENTRY--TOPICAL TERM
Topical term or geographic name entry element History
650 ## - SUBJECT ADDED ENTRY--TOPICAL TERM
Topical term or geographic name entry element Urdu Langauge
9 (RLIN) 1235862
942 ## - ADDED ENTRY ELEMENTS (KOHA)
Koha item type Textbook
Source of classification or shelving scheme Colon Classification (CC)
Classification part V:(P168) P8
Holdings
Withdrawn status Lost status Source of classification or shelving scheme Damaged status Not for loan Home library Current library Date acquired Source of acquisition Cost, normal purchase price Inventory number Total Checkouts Full call number Barcode Date last seen Cost, replacement price Price effective from Koha item type
    Colon Classification (CC)     Central Library Central Library 2025-12-18 Nadwi Publications 280.00 2009 & 11.12.2025   V:(P168) P8 CL1924917 2025-12-18 350.00 2025-12-18 Textbook
Copyright @ Delhi University Library System